[Event "80th Tata Steel Masters 2018"]
[Site "Wijk aan Zee"]
[Date "2018.01.13"]
[Round "1"]
[White "Carlsen, Magnus"]
[Black "Caruana, Fabiano"]
[Result "1/2-1/2"]
[WhiteElo "2834"]
[BlackElo "2811"]
[Annotator "TA"]
[PlyCount "81"]
[EventDate "2018.??.??"]
[EventType "tourn"]
[EventRounds "4"]
[EventCountry "NED"]
[SourceTitle "playchess.com"]
[Source "ChessBase"]
[SourceQuality "1"]

1. e4 e5 2. Nf3 Nf6 3. Nxe5 d6 4. Nf3 Nxe4 5. Qe2 Qe7 6. d3 Nf6 7. Nc3 Qxe2+ 8. Bxe2 g6 9. Nd4 a6 10. Bf4 Bg7 11. h3 Bd7 12. Bf3 Nc6 13. Nxc6 Bxc6 14. Bxc6+ bxc6 15. O-O-O Kd7 16. Rhe1 Rhe8 17. Ne4 Nd5 18. Bd2 f5 19. Ng5 h6 20. Nf3 g5 21. c3 c5 22. Kc2 Bf6 23. Rxe8 Rxe8 24. Re1 Rf8 25. Rh1 Re8 26. g3 g4 27. Ng1 Bg5 28. Kd1 a5 29. Ne2 a4 30. Bxg5 hxg5 31. hxg4 fxg4 32. Rh5 Re5 33. Rh7+ Ke6 34. a3 Rf5 35. c4 Nf6 36. Rh2 Rf3 37. Kc2 Nd7 38. d4 Nb6 39. dxc5 dxc5 40. Nc3 Ke5 41. Nd1 1/2-1/2

[Event "80th Tata Steel Masters 2018"]
[Site "Wijk aan Zee"]
[Date "2018.01.13"]
[Round "1"]
[White "So, Wesley"]
[Black "Mamedyarov, Shakhriyar"]
[Result "1/2-1/2"]
[WhiteElo "2792"]
[BlackElo "2804"]
[Annotator "TA"]
[PlyCount "57"]
[EventDate "2018.??.??"]
[EventType "tourn"]
[EventRounds "4"]
[EventCountry "NED"]
[SourceTitle "playchess.com"]
[Source "ChessBase"]
[SourceQuality "1"]

1. e4 c5 2. Nf3 Nf6 3. e5 Nd5 4. Nc3 e6 5. Nxd5 exd5 6. d4 Nc6 7. dxc5 Bxc5 8. Bd3 d6 9. exd6 Qxd6 10. O-O O-O 11. Re1 h6 12. h3 Bd7 13. Be3 d4 14. Bd2 Rfe8 15. a3 Qd5 16. b4 Bd6 17. c4 dxc3 18. Rxe8+ Rxe8 19. Bxc3 Be6 20. Be4 Qxe4 21. Qxd6 Qc2 22. Qd2 Qxd2 23. Nxd2 Rd8 24. Re1 Nd4 25. a4 Nc2 26. Rc1 Nd4 27. Re1 Nc2 28. Rc1 Nd4 29. Re1 1/2-1/2

[Event "80th Tata Steel Masters 2018"]
[Site "Wijk aan Zee"]
[Date "2018.01.13"]
[Round "1"]
[White "Svidler, Peter"]
[Black "Adhiban, B."]
[Result "1/2-1/2"]
[WhiteElo "2768"]
[BlackElo "2655"]
[Annotator "TA"]
[PlyCount "65"]
[EventDate "2018.??.??"]
[EventType "tourn"]
[EventRounds "4"]
[EventCountry "NED"]
[SourceTitle "playchess.com"]
[Source "ChessBase"]
[SourceQuality "1"]

1. e4 c6 2. d4 d5 3. e5 Bf5 4. Nf3 e6 5. Be2 Ne7 6. O-O h6 7. Nbd2 Bh7 8. Nb3 Nd7 9. a4 g5 10. a5 a6 11. c3 Nf5 12. Bd3 g4 13. Ne1 h5 14. Nc2 c5 15. Nxc5 Nxc5 16. dxc5 Bxc5 17. Nd4 Bxd4 18. cxd4 Rc8 19. Ra3 Rc7 20. Bf4 Nh4 21. Qd2 Bxd3 22. Bg5 Qc8 23. Rxd3 Nf5 24. Qb4 Kd7 25. Qa4+ Rc6 26. Rc1 Rg8 27. Bf6 Qc7 28. g3 Rc8 29. Rc5 Ke8 30. b4 Qd7 31. Qd1 Rxc5 32. bxc5 Qb5 33. h3 1/2-1/2

[Event "80th Tata Steel Masters 2018"]
[Site "Wijk aan Zee"]
[Date "2018.01.13"]
[Round "1"]
[White "Giri, Anish"]
[Black "Hou, Yifan"]
[Result "1-0"]
[WhiteElo "2752"]
[BlackElo "2680"]
[Annotator "TA"]
[PlyCount "126"]
[EventDate "2018.??.??"]
[EventType "tourn"]
[EventRounds "4"]
[EventCountry "NED"]
[SourceTitle "playchess.com"]
[Source "ChessBase"]
[SourceQuality "1"]

1. e4 e5 2. Nf3 Nf6 3. Nxe5 d6 4. Nf3 Nxe4 5. Nc3 Nxc3 6. dxc3 Be7 7. Be3 Nc6 8. Bd3 Be6 9. Qe2 Bf6 10. O-O-O Qe7 11. Kb1 a6 12. Rhe1 O-O-O 13. h3 Rhe8 14. g4 h6 15. Nd2 Bg5 16. f4 Bh4 17. Bf2 Bxf2 18. Qxf2 Qf8 19. f5 Bd7 20. f6 g6 21. Be4 Kb8 22. Nc4 Re6 23. Bxc6 Rxe1 24. Rxe1 Bxc6 25. Na5 Re8 26. Nxc6+ bxc6 27. Qg3 Qh8 28. Re7 Rxe7 29. fxe7 Qe8 30. Qe3 Kc8 31. h4 Kd7 32. Qxh6 Qxe7 33. b3 Qe4 34. g5 Qe5 35. Qf8 Qd5 36. Kb2 c5 37. Qg8 Qf3 38. Qf8 Qd5 39. Qg7 Qf5 40. Qg8 Qf3 41. a4 Qf1 42. Qf8 Qf5 43. Qa8 Qf1 44. Qe4 Kd8 45. Qg4 d5 46. a5 Qe1 47. h5 gxh5 48. Qxh5 Qe6 49. Qh8+ Ke7 50. b4 cxb4 51. cxb4 Kd7 52. Qd4 Kc8 53. Qf6 Qxf6+ 54. gxf6 Kd7 55. Kb3 Kc6 56. c4 d4 57. Kc2 Kd6 58. Kd2 c6 59. Ke2 Kd7 60. Kd3 Kc7 61. Kxd4 Kd6 62. Kd3 Kc7 63. Ke4 Kd6 1-0

[Event "80th Tata Steel Challengers 2018"]
[Site "Wijk aan Zee"]
[Date "2018.01.13"]
[Round "1"]
[White "Amin, Bassem"]
[Black "Harika, Dronavalli"]
[Result "1/2-1/2"]
[WhiteElo "2693"]
[BlackElo "2497"]
[Annotator "TA"]
[PlyCount "59"]
[EventDate "2018.??.??"]
[EventType "tourn"]
[EventCountry "NED"]
[SourceTitle "playchess.com"]
[Source "ChessBase"]
[SourceQuality "1"]

1. Nf3 d5 2. g3 g6 3. Bg2 Bg7 4. O-O e5 5. d3 Ne7 6. e4 O-O 7. exd5 Nxd5 8. Nc3 c6 9. Re1 Re8 10. Bg5 Qc7 11. d4 Nxc3 12. bxc3 Bg4 13. h3 Bxf3 14. Qxf3 h6 15. Bf6 Nd7 16. Bxg7 Kxg7 17. Re3 Re6 18. h4 Rae8 19. h5 Nf6 20. hxg6 fxg6 21. Qe2 e4 22. c4 h5 23. Rb1 b6 24. Re1 Qf7 25. Bh3 R6e7 26. a4 Nh7 27. Bg2 Nf6 28. Bh3 Nh7 29. Bg2 Nf6 30. Bh3 1/2-1/2

[Event "80th Tata Steel Challengers 2018"]
[Site "Wijk aan Zee"]
[Date "2018.01.13"]
[Round "1"]
[White "Krasenkow, Michal"]
[Black "L'Ami, Erwin"]
[Result "1/2-1/2"]
[WhiteElo "2671"]
[BlackElo "2634"]
[Annotator "TA"]
[PlyCount "85"]
[EventDate "2018.??.??"]
[EventType "tourn"]
[EventCountry "NED"]
[SourceTitle "playchess.com"]
[Source "ChessBase"]
[SourceQuality "1"]

1. Nf3 d5 2. d4 c6 3. Bf4 Nf6 4. e3 Bg4 5. Nbd2 e6 6. h3 Bxf3 7. Nxf3 Bd6 8. Ne5 Qc7 9. Bh2 Nbd7 10. f4 O-O 11. Bd3 Ne4 12. Bxe4 dxe4 13. O-O f6 14. Nxd7 Qxd7 15. c4 f5 16. Qb3 h6 17. g4 Kh7 18. Rad1 Rg8 19. Kh1 g6 20. Rg1 Rad8 21. Bg3 g5 22. Rdf1 gxf4 23. Bxf4 Bxf4 24. Rxf4 Rg5 25. gxf5 exf5 26. Qd1 Qf7 27. Qf1 Rf8 28. h4 Rxg1+ 29. Kxg1 Qf6 30. b3 Rf7 31. Kh1 Kg8 32. Qh3 Kf8 33. Rf2 Ke7 34. Qg3 Qd6 35. Qxd6+ Kxd6 36. Kg1 Ke6 37. Rg2 f4 38. Kf2 c5 39. Rg6+ Kf5 40. Rd6 cxd4 41. Rxd4 f3 42. Rd5+ Ke6 43. Rd4 1/2-1/2

[Event "80th Tata Steel Challengers 2018"]
[Site "Wijk aan Zee"]
[Date "2018.01.13"]
[Round "1"]
[White "Korobov, Anton"]
[Black "Bluebaum, Matthias"]
[Result "1-0"]
[WhiteElo "2652"]
[BlackElo "2640"]
[Annotator "TA"]
[PlyCount "81"]
[EventDate "2018.??.??"]
[EventType "tourn"]
[EventCountry "NED"]
[SourceTitle "playchess.com"]
[Source "ChessBase"]
[SourceQuality "1"]

1. d4 Nf6 2. Nf3 d5 3. Bf4 c5 4. e3 Nc6 5. Nbd2 Qb6 6. dxc5 Qxb2 7. Rb1 Qc3 8. Bb5 e6 9. O-O Be7 10. Nb3 O-O 11. Qd3 Ne4 12. Bxc6 bxc6 13. Ne5 Bf6 14. Nxc6 Bd7 15. Nca5 Rfc8 16. Nb7 e5 17. Bg3 Rc7 18. Nd6 Qxd3 19. cxd3 Nxc5 20. Rfc1 Ne6 21. Rxc7 Nxc7 22. Na5 Na6 23. Nab7 Rb8 24. Rb3 Bc6 25. h3 h5 26. h4 Kf8 27. Kh2 Kg8 28. f3 Kh7 29. Na5 Ba4 30. Ra3 Be8 31. Nxe8 Rxe8 32. Nc6 Nc5 33. Nxe5 Rxe5 34. d4 Re6 35. dxc5 a6 36. Rd3 Kg6 37. Bf2 Re5 38. Kh3 Be7 39. c6 Bd6 40. Bg3 Re6 41. c7 1-0

[Event "80th Tata Steel Masters 2018"]
[Site "Wijk aan Zee"]
[Date "2018.01.13"]
[Round "1"]
[White "Jones, Gawain C B"]
[Black "Karjakin, Sergey"]
[Result "1/2-1/2"]
[WhiteElo "2640"]
[BlackElo "2753"]
[Annotator "TA"]
[PlyCount "72"]
[EventDate "2018.??.??"]
[EventType "tourn"]
[EventRounds "4"]
[EventCountry "NED"]
[SourceTitle "playchess.com"]
[Source "ChessBase"]
[SourceQuality "1"]

1. e4 e5 2. Nf3 Nc6 3. Bc4 Bc5 4. c3 Nf6 5. d4 exd4 6. cxd4 Bb4+ 7. Bd2 Bxd2+ 8. Nbxd2 d5 9. exd5 Nxd5 10. Qb3 Na5 11. Qa4+ Nc6 12. Qb3 Nce7 13. O-O O-O 14. Rfe1 c6 15. Ne4 Nb6 16. Bd3 Ned5 17. Nc5 Nf6 18. Rac1 Rb8 19. Qa3 a6 20. Qb3 Qc7 21. Ne4 Nfd5 22. Nc3 Qd6 23. Be4 Bg4 24. Nxd5 cxd5 25. Bb1 Bxf3 26. Qxf3 Rfe8 27. Qc3 g6 28. Bd3 Kg7 29. g3 Rbc8 30. Rxe8 Rxe8 31. Qb3 Re7 32. Bf1 Qf6 33. Qb4 Re4 34. Rd1 Re7 35. Rc1 Re4 36. Rd1 Re7 1/2-1/2

[Event "80th Tata Steel Challengers 2018"]
[Site "Wijk aan Zee"]
[Date "2018.01.13"]
[Round "1"]
[White "Xiong, Jeffery"]
[Black "Bok, Benjamin"]
[Result "1/2-1/2"]
[WhiteElo "2634"]
[BlackElo "2607"]
[Annotator "TA"]
[PlyCount "87"]
[EventDate "2018.??.??"]
[EventType "tourn"]
[EventCountry "NED"]
[SourceTitle "playchess.com"]
[Source "ChessBase"]
[SourceQuality "1"]

1. e4 e5 2. Nf3 Nc6 3. Bb5 Nf6 4. d3 Bc5 5. Bxc6 dxc6 6. Nbd2 Be6 7. O-O Nd7 8. Nb3 Bb6 9. Ng5 Bxb3 10. axb3 f6 11. Nf3 O-O 12. Nd2 Nc5 13. Qg4 Qc8 14. Qxc8 Rfxc8 15. Nc4 Ne6 16. Be3 Bxe3 17. fxe3 c5 18. g4 a6 19. h4 h6 20. Rf2 b6 21. Kf1 a5 22. Ke2 Re8 23. Nd2 Kf7 24. Nf3 Ke7 25. g5 hxg5 26. hxg5 Rh8 27. Raf1 Rh5 28. gxf6+ gxf6 29. Nd2 Rah8 30. Nb1 Rh2 31. Nc3 Rxf2+ 32. Rxf2 c6 33. Kd2 Rh3 34. Rg2 Kf7 35. Nd1 Rh4 36. Nf2 Ng5 37. Ke2 Ke6 38. Ng4 Nf7 39. Nh2 Ng5 40. Nf1 Rh1 41. Rf2 Nh3 42. Rg2 Ng5 43. Rf2 Nh3 44. Rg2 1/2-1/2

[Event "80th Tata Steel Challengers 2018"]
[Site "Wijk aan Zee"]
[Date "2018.01.13"]
[Round "1"]
[White "Van Foreest, Jorden"]
[Black "Van Foreest, Lucas"]
[Result "1-0"]
[WhiteElo "2629"]
[BlackElo "2481"]
[Annotator "TA"]
[PlyCount "123"]
[EventDate "2018.??.??"]
[EventType "tourn"]
[EventCountry "NED"]
[SourceTitle "playchess.com"]
[Source "ChessBase"]
[SourceQuality "1"]

1. e4 e5 2. Nf3 Nc6 3. Bb5 Nf6 4. d3 Bc5 5. O-O Nd4 6. Nxd4 Bxd4 7. c3 Bb6 8. Na3 c6 9. Ba4 d6 10. Bc2 Bg4 11. Qe1 Be6 12. Nc4 Bc7 13. f4 exf4 14. Bxf4 Nh5 15. Bd2 Bxc4 16. dxc4 h6 17. c5 O-O 18. Rf5 g6 19. Rxh5 gxh5 20. Bxh6 Qf6 21. Bxf8 Rxf8 22. Qg3+ Qg7 23. Qh4 dxc5 24. Qxh5 Rd8 25. Rd1 Rxd1+ 26. Bxd1 b5 27. Qg4 Be5 28. Qc8+ Qf8 29. Qxc6 Qd8 30. Be2 c4 31. g3 a6 32. Qxa6 Qd2 33. Qc8+ Kg7 34. Qf5 Bf6 35. Bh5 Qc1+ 36. Kg2 Qxb2+ 37. Kh3 Qxc3 38. Qd5 Qe5 39. Qxf7+ Kh8 40. Qf8+ Kh7 41. Bg4 Bg7 42. Bf5+ Kh6 43. Qd8 Qf6 44. Qg8 Kg5 45. Qb8 Kh6 46. Qxb5 c3 47. Bg4 Qf7 48. Qc6+ Kg5 49. Qc5+ Kh6 50. Qb6+ Kh7 51. Bf5+ Kh8 52. Qd8+ Bf8 53. Qh4+ Kg8 54. Qg4+ Kh8 55. e5 c2 56. Bxc2 Qf1+ 57. Kh4 Be7+ 58. Kh5 Qf7+ 59. Bg6 Qxa2 60. h4 Qd5 61. Qf4 Kg8 62. Be4 1-0

[Event "80th Tata Steel Challengers 2018"]
[Site "Wijk aan Zee"]
[Date "2018.01.13"]
[Round "1"]
[White "Tari, Aryan"]
[Black "Vidit, Santosh Gujrathi"]
[Result "1/2-1/2"]
[WhiteElo "2599"]
[BlackElo "2718"]
[Annotator "TA"]
[PlyCount "73"]
[EventDate "2018.??.??"]
[EventType "tourn"]
[EventCountry "NED"]
[SourceTitle "playchess.com"]
[Source "ChessBase"]
[SourceQuality "1"]

1. e4 e5 2. Nf3 Nc6 3. Bb5 a6 4. Ba4 Nf6 5. O-O Be7 6. Re1 b5 7. Bb3 d6 8. c3 O-O 9. h3 Bb7 10. d4 Re8 11. Nbd2 Bf8 12. a3 h6 13. Bc2 d5 14. dxe5 Nxe5 15. Nxe5 Rxe5 16. Nf3 Re8 17. e5 Ne4 18. Bf4 c5 19. a4 f5 20. Nd2 Qh4 21. Nxe4 dxe4 22. Qd7 Qxf4 23. Qxb7 Rad8 24. Re2 Qxe5 25. axb5 axb5 26. Qxb5 Kh8 27. Qc4 Rb8 28. Ba4 Bd6 29. g3 Re6 30. Bb3 Rg6 31. Qd5 Rxg3+ 32. fxg3 Qxg3+ 33. Rg2 Qe3+ 34. Kf1 Qf3+ 35. Kg1 Qe3+ 36. Kf1 Qf3+ 37. Kg1 1/2-1/2

[Event "80th Tata Steel Challengers 2018"]
[Site "Wijk aan Zee"]
[Date "2018.01.13"]
[Round "1"]
[White "Girya, Olga"]
[Black "Gordievsky, Dmitry"]
[Result "0-1"]
[WhiteElo "2489"]
[BlackElo "2622"]
[Annotator "TA"]
[PlyCount "100"]
[EventDate "2018.??.??"]
[EventType "tourn"]
[EventCountry "NED"]
[SourceTitle "playchess.com"]
[Source "ChessBase"]
[SourceQuality "1"]

1. d4 Nf6 2. c4 d6 3. Nf3 g6 4. Nc3 Bg7 5. e4 O-O 6. Be2 Na6 7. O-O e5 8. Be3 c6 9. d5 Ng4 10. Bg5 f6 11. Bh4 c5 12. Ne1 h5 13. a3 Nh6 14. f3 Nf7 15. Nc2 Bh6 16. Bd3 Bd7 17. Qe2 Nc7 18. b4 b6 19. Ne3 Ne8 20. Bf2 Ng7 21. Qc2 Nh8 22. bxc5 bxc5 23. Rab1 f5 24. exf5 gxf5 25. Rb7 Bc8 26. Rb2 Ng6 27. Rfb1 Nf4 28. Bf1 h4 29. Qa4 Bd7 30. Qa6 Qf6 31. Nb5 Bxb5 32. Qxb5 Qg6 33. Kh1 Nfh5 34. Qb3 Ng3+ 35. Kg1 e4 36. hxg3 hxg3 37. Be1 Rae8 38. Nd1 e3 39. Bd3 Nh5 40. Nc3 Nf4 41. Qc2 e2 42. Bxf5 Qh5 43. Bxg3 Bg7 44. Be6+ Rxe6 45. dxe6 Bd4+ 46. Bf2 Qg5 47. g4 Qh4 48. Qxe2 Nxe2+ 49. Rxe2 Qg3+ 50. Kf1 Qxf3 0-1

[Event "81st Tata Steel Tienkamp 2019"]
[Site "Wijk aan Zee"]
[Date "2019.01.18"]
[Round "1"]
[White "Warmerdam, Max"]
[Black "Brink, Barry"]
[Result "1/2-1/2"]
[WhiteElo "2440"]
[BlackElo "2385"]
[Annotator "TA"]
[PlyCount "122"]
[EventDate "2019.01.12"]
[EventType "tourn"]
[EventCountry "NED"]
[SourceTitle "playchess.com"]
[Source "ChessBase"]
[SourceQuality "1"]

1. e4 c5 2. Nf3 e6 3. d4 cxd4 4. Nxd4 Nc6 5. Nc3 Qc7 6. Be3 a6 7. Qd2 Nf6 8. f4 Bb4 9. Bd3 Na5 10. a3 Bxc3 11. Qxc3 Qxc3+ 12. bxc3 d5 13. exd5 exd5 14. Nb3 Nc4 15. Bd4 Ne4 16. Nc5 Nxc5 17. Bxc5 b6 18. O-O-O bxc5 19. Rhe1+ Be6 20. f5 O-O 21. fxe6 fxe6 22. Rxe6 Rf2 23. Re2 Raf8 24. Rxf2 Rxf2 25. Bxc4 dxc4 26. Rd2 Rf1+ 27. Kb2 Kf7 28. Rd6 Rf2 29. Rxa6 Rxg2 30. h4 Rh2 31. Ra7+ Kg6 32. Ra6+ Kh5 33. Ra7 Kh6 34. a4 Rxh4 35. a5 Rf4 36. Rb7 g5 37. a6 Rf6 38. a7 Ra6 39. Kc1 Ra3 40. Kd2 Kg6 41. Ke3 Rxc3+ 42. Ke4 Ra3 43. c3 h6 44. Re7 Ra1 45. Kf3 h5 46. Rc7 Ra3 47. Rc6+ Kg7 48. Rxc5 Rxc3+ 49. Ke4 Ra3 50. Rxg5+ Kh6 51. Rc5 Rxa7 52. Rxc4 Rf7 53. Ke3 Kg5 54. Ke2 h4 55. Rc1 h3 56. Rf1 Ra7 57. Kf2 Kf4 58. Kg1+ Kg3 59. Rb1 Ra3 60. Kh1 Rc3 61. Ra1 Rb3 1/2-1/2

[Event "82nd Tata Steel Masters 2020"]
[Site "Wijk aan Zee"]
[Date "2020.01.11"]
[Round "1.1"]
[White "Carlsen, Magnus"]
[Black "Giri, Anish"]
[Result "1/2-1/2"]
[WhiteElo "2872"]
[BlackElo "2768"]
[Annotator "TA"]
[PlyCount "49"]
[EventDate "2020.01.11"]
[EventType "tourn"]
[EventCountry "NED"]
[SourceTitle "playchess.com"]
[Source "ChessBase"]
[SourceQuality "1"]

1. c4 Nf6 2. Nc3 e5 3. e3 Nc6 4. Qb3 g6 5. Nf3 Bg7 6. d4 exd4 7. exd4 O-O 8. Be2 d6 9. O-O Re8 10. h3 Ne4 11. Nxe4 Rxe4 12. Be3 Nxd4 13. Nxd4 Bxd4 14. Bf3 Rh4 15. Bxd4 Rxd4 16. Bxb7 Bxb7 17. Qxb7 Rxc4 18. Rac1 Rxc1 19. Rxc1 c5 20. Rd1 Rb8 21. Qxa7 Rxb2 22. Qxc5 dxc5 23. Rxd8+ Kg7 24. Rc8 Rxa2 25. Rxc5 1/2-1/2

[Event "83rd Tata Steel Masters 2021"]
[Site "Wijk aan Zee"]
[Date "2021.01.16"]
[Round "1.1"]
[White "Carlsen, Magnus"]
[Black "Firouzja, Alireza"]
[Result "1-0"]
[WhiteElo "2862"]
[BlackElo "2749"]
[Annotator "TA"]
[PlyCount "79"]
[EventDate "2021.01.16"]
[EventType "tourn"]
[EventCountry "NED"]
[SourceTitle "playchess.com"]
[Source "ChessBase"]
[SourceQuality "1"]

1. d4 Nf6 2. c4 e6 3. Nf3 d5 4. Nc3 Nbd7 5. Bg5 h6 6. Bh4 Be7 7. cxd5 Nxd5 8. Bxe7 Qxe7 9. e4 Nxc3 10. bxc3 O-O 11. Bd3 c5 12. O-O cxd4 13. cxd4 b6 14. a4 Bb7 15. a5 bxa5 16. Rxa5 Nf6 17. Re1 Rfd8 18. Qa1 Qc7 19. h3 a6 20. Rc5 Qf4 21. Re5 Nd7 22. Ra5 Nf6 23. d5 exd5 24. e5 Ne4 25. Qd4 Rdc8 26. Raa1 a5 27. Rab1 Bc6 28. e6 fxe6 29. Ne5 Qf6 30. f3 Ng5 31. Rb6 Be8 32. Qe3 a4 33. Ng4 Qd8 34. Rxe6 Nxe6 35. Qxe6+ Bf7 36. Nxh6+ gxh6 37. Qxh6 Qc7 38. Qh7+ Kf8 39. Qh8+ Bg8 40. Qh6+ 1-0

[Event "84th Tata Steel Masters 2022"]
[Site "Wijk aan Zee"]
[Date "2022.01.15"]
[Round "1.1"]
[White "Esipenko, Andrey"]
[Black "Carlsen, Magnus"]
[Result "1/2-1/2"]
[WhiteElo "2714"]
[BlackElo "2856"]
[Annotator "TA"]
[PlyCount "41"]
[EventDate "2022.01.15"]
[EventType "tourn"]
[EventCountry "NED"]
[SourceTitle "playchess.com"]
[Source "ChessBase"]
[SourceQuality "1"]

1. d4 d5 2. c4 e6 3. Nf3 Nf6 4. Nc3 c6 5. e3 Nbd7 6. Qc2 b6 7. b3 Bb7 8. Bd3 Bd6 9. O-O O-O 10. Bb2 c5 11. cxd5 exd5 12. Rfd1 Re8 13. Rac1 a6 14. Bf5 Rc8 15. dxc5 bxc5 16. Na4 Rc7 17. Bc3 Qe7 18. Ba5 Rc6 19. Bc3 Rc7 20. Ba5 Rc6 21. Bc3 1/2-1/2

[Event "83rd Tata Steel Masters 2021-TB"]
[Site "Wijk aan Zee"]
[Date "2021.01.31"]
[Round "1.1"]
[White "Van Foreest, Jorden"]
[Black "Giri, Anish"]
[Result "1/2-1/2"]
[WhiteElo "2671"]
[BlackElo "2764"]
[Annotator "TA"]
[PlyCount "87"]
[EventDate "2021.01.16"]
[EventType "tourn"]
[EventCountry "NED"]
[SourceTitle "playchess.com"]
[Source "ChessBase"]
[SourceQuality "1"]

1. e4 e5 2. Bc4 Nf6 3. d3 c6 4. Nf3 d5 5. Bb3 a5 6. Nc3 Bb4 7. a3 Bxc3+ 8. bxc3 a4 9. Ba2 dxe4 10. Nxe5 O-O 11. O-O Qe7 12. d4 Nbd7 13. Bf4 Nd5 14. Qd2 Nxf4 15. Qxf4 Nxe5 16. dxe5 Ra5 17. Qxe4 Qxe5 18. Qb4 Rb5 19. Qxa4 Qxc3 20. Bb3 Rg5 21. Rfe1 Bh3 22. Qf4 Rxg2+ 23. Kh1 g5 24. Qe3 Qxe3 25. Rxe3 g4 26. f3 h5 27. fxg4 hxg4 28. Rg1 Rxg1+ 29. Kxg1 Rd8 30. Re7 Rd1+ 31. Kf2 Rf1+ 32. Kg3 b5 33. Rc7 Rf6 34. a4 bxa4 35. Bxa4 Rf3+ 36. Kh4 Rf2 37. Bb3 Kf8 38. Rxc6 Rxh2 39. Rf6 Ke8 40. Rxf7 Rxc2 41. Bxc2 Kxf7 42. Bf5 Kf6 43. Bxg4 Bxg4 44. Kxg4 1/2-1/2

[Event "86th Tata Steel Masters 2024"]
[Site "Wijk aan Zee"]
[Date "2024.01.13"]
[Round "1.1"]
[White "Donchenko, Alexander"]
[Black "Wei, Yi"]
[Result "*"]
[WhiteElo "2643"]
[BlackElo "2740"]
[Annotator "TA"]
[PlyCount "36"]
[EventDate "2024.01.02"]
[EventType "tourn"]
[EventCountry "NED"]
[SourceTitle "playchess.com"]
[Source "ChessBase"]
[SourceQuality "1"]

1. d4 Nf6 2. c4 g6 3. Nf3 Bg7 4. e3 O-O 5. Be2 c5 6. d5 e6 7. Nc3 d6 8. O-O exd5 9. cxd5 Bg4 10. Nd2 Bxe2 11. Qxe2 Na6 12. Nc4 Nc7 13. e4 b5 14. Nxd6 Qxd6 15. e5 Qd7 16. exf6 Bxf6 17. Ne4 Bg7 18. Nxc5 Qxd5 *

[Event "84th Tata Steel Challengers 2022"]
[Site "Wijk aan Zee"]
[Date "2022.01.15"]
[Round "1.1"]
[White "Erigaisi Arjun"]
[Black "Van Foreest, Lucas"]
[Result "1/2-1/2"]
[WhiteElo "2629"]
[BlackElo "2530"]
[Annotator "TA"]
[PlyCount "78"]
[EventDate "2022.01.15"]
[EventType "tourn"]
[EventCountry "NED"]
[SourceTitle "playchess.com"]
[Source "ChessBase"]
[SourceQuality "1"]

1. d4 d5 2. Nf3 Nf6 3. Bf4 c5 4. e3 Nc6 5. Nbd2 Bg4 6. c3 e6 7. Qb3 Qb6 8. Qxb6 axb6 9. Bb5 Nd7 10. a4 Be7 11. O-O O-O 12. Ra2 Rfc8 13. Rfa1 Bf5 14. Kf1 h6 15. h3 g5 16. Bh2 Nf6 17. Ne5 c4 18. Bxc6 bxc6 19. a5 b5 20. b4 cxb3 21. Nxb3 Ne4 22. Rc1 c5 23. dxc5 Nxc5 24. Nd4 Bf6 25. Rd1 Ne4 26. Nxf5 exf5 27. Nd7 Bd8 28. Be5 Rxa5 29. Rxa5 Bxa5 30. Rxd5 Bxc3 31. Rxb5 Bxe5 32. Rxe5 Rc1+ 33. Ke2 Rc2+ 34. Ke1 Nxf2 35. Nf6+ Kg7 36. Rxf5 Nd3+ 37. Kf1 Kg6 38. g4 Rf2+ 39. Rxf2 Nxf2 1/2-1/2

[Event "Tata Steel Tienkampen 2023"]
[Site "Wijk aan Zee"]
[Date "2023.01.20"]
[Round "1.1"]
[White "Pham, Khoi"]
[Black "De Winter, Arthur"]
[Result "1-0"]
[WhiteElo "2353"]
[BlackElo "2371"]
[Annotator "TA"]
[PlyCount "61"]
[EventDate "2023.01.20"]
[EventType "swiss"]
[EventCountry "NED"]
[SourceTitle "playchess.com"]
[Source "ChessBase"]
[SourceQuality "1"]

1. e4 c5 2. Nf3 d6 3. d4 cxd4 4. Nxd4 Nf6 5. Nc3 a6 6. Bd3 g6 7. f3 Qb6 8. a3 Nc6 9. Be3 e5 10. Nf5 Qd8 11. Ng3 h5 12. Qd2 Be6 13. Bg5 Be7 14. h4 Nd4 15. O-O-O Rc8 16. Kb1 b5 17. Nce2 Nc6 18. f4 Bg4 19. Rdf1 O-O 20. f5 Na5 21. Nc3 Nc4 22. Bxc4 Rxc4 23. Bxf6 Bxf6 24. Nd5 Kh7 25. Qf2 Bxh4 26. Nxh5 gxh5 27. Rxh4 Qg5 28. Rxg4 hxg4 29. Rh1+ Kg8 30. Rh5 Qd8 31. f6 1-0

[Event "84th Tata Steel Masters 2022"]
[Site "Wijk aan Zee"]
[Date "2022.01.15"]
[Round "1.2"]
[White "Caruana, Fabiano"]
[Black "Karjakin, Sergey"]
[Result "1/2-1/2"]
[WhiteElo "2792"]
[BlackElo "2743"]
[Annotator "TA"]
[PlyCount "100"]
[EventDate "2022.01.15"]
[EventType "tourn"]
[EventCountry "NED"]
[SourceTitle "playchess.com"]
[Source "ChessBase"]
[SourceQuality "1"]

1. d4 Nf6 2. c4 e6 3. Nf3 d5 4. cxd5 exd5 5. Nc3 c6 6. Bf4 Bd6 7. Bxd6 Qxd6 8. e3 O-O 9. Qc2 b6 10. Rc1 g6 11. Bd3 Ba6 12. Bxa6 Nxa6 13. O-O Rfc8 14. Rfd1 Nc7 15. a3 Ne6 16. h3 Qe7 17. Ne5 Qb7 18. Qe2 Ne8 19. b4 a6 20. h4 h5 21. e4 Kg7 22. Nf3 Nf6 23. e5 Ng4 24. Qd2 a5 25. Ng5 axb4 26. axb4 Qd7 27. Ne2 Ra3 28. Rc2 Qe7 29. Rdc1 c5 30. dxc5 bxc5 31. bxc5 Nxg5 32. hxg5 Qxe5 33. Qd4 Kf8 34. g3 Qxd4 35. Nxd4 Ne5 36. Kg2 Nc4 37. Nb5 Ra6 38. Nc3 Rxc5 39. Nxd5 Rxd5 40. Rxc4 Rxg5 41. Rc5 Rxc5 42. Rxc5 Kg7 43. Rb5 Ra2 44. Rc5 Kh6 45. Rc6 Re2 46. Ra6 Re6 47. Ra8 Rb6 48. Rc8 Rb4 49. Ra8 f5 50. f4 Rb2+ 1/2-1/2

[Event "83rd Tata Steel Masters 2021-TB"]
[Site "Wijk aan Zee"]
[Date "2021.02.02"]
[Round "1.2"]
[White "Giri, Anish"]
[Black "Van Foreest, Jorden"]
[Result "1/2-1/2"]
[WhiteElo "2764"]
[BlackElo "2671"]
[Annotator "TA"]
[PlyCount "74"]
[EventDate "2021.01.16"]
[EventType "tourn"]
[EventCountry "NED"]

1. e4 e5 2. Nf3 Nc6 3. Bb5 a6 4. Ba4 Bc5 5. c3 Nge7 6. d4 exd4 7. cxd4 Bb4+ 8. Bd2 Bxd2+ 9. Qxd2 d5 10. exd5 Nxd5 11. Bxc6+ bxc6 12. O-O O-O 13. Nc3 Nxc3 14. Qxc3 Be6 15. Ne5 Bd5 16. b3 a5 17. Nxc6 Bxc6 18. Qxc6 Qxd4 19. Qxc7 a4 20. Rfd1 Qb2 21. Rdb1 Qd4 22. Qc4 Rfd8 23. Qxd4 Rxd4 24. b4 Rb8 25. a3 g6 26. g3 Rd3 27. Rb2 Kg7 28. Kg2 h5 29. h4 Rb6 30. Rc2 Rf6 31. Raa2 Rff3 32. b5 Rxa3 33. Rab2 Rab3 34. b6 Rf6 35. Ra2 a3 36. b7 Rfb6 37. Rc7 Rxb7 1/2-1/2